LEADER 00761nam0-22002891i-450- 001 990001638690403321 005 20050405084932.0 035 $a000163869 035 $aFED01000163869 035 $a(Aleph)000163869FED01 035 $a000163869 100 $a20030910d1900----km-y0itay50------ba 101 0 $aita 200 1 $a<>acari agrarii$fAntonio Berlese 210 $aFirenze$cTip. Mariani$d1900 215 $a168 p.$d25 cm 610 0 $aAcarologia 610 0 $aAcarina 676 $a630.295 42 700 1$aBerlese,$bAntonio$f<1863-1927>$070245 801 0$aIT$bUNINA$gRICA$2UNIMARC 901 $aBK 912 $a990001638690403321 952 $a60 595.42 B 1$b6613$fFAGBC 959 $aFAGBC 996 $aAcari agrarii$9367723 997 $aUNINA LEADER 04643nam 2200613Ia 450 001 9910465400103321 005 20200520144314.0 010 $a1-61761-914-0 035 $a(CKB)2560000000067903 035 $a(EBL)3017772 035 $a(SSID)ssj0000417830 035 $a(PQKBManifestationID)12110638 035 $a(PQKBTitleCode)TC0000417830 035 $a(PQKBWorkID)10380210 035 $a(PQKB)10866897 035 $a(MiAaPQ)EBC3017772 035 $a(Au-PeEL)EBL3017772 035 $a(CaPaEBR)ebr10654743 035 $a(OCoLC)923653658 035 $a(EXLCZ)992560000000067903 100 $a20090414d2009 uy 0 101 0 $aeng 135 $aur|n|---||||| 181 $ctxt 182 $cc 183 $acr 200 00$aFlavonoids$b[electronic resource] $ebiosynthesis, biological effects and dietary sources /$fRaymond B. Keller, editor 210 $aNew York $cNova Science Publishers$dc2009 215 $a1 online resource (363 p.) 225 0$aNutrition and diet research progress series 300 $aDescription based upon print version of record. 311 $a1-60741-622-0 320 $aIncludes bibliographical references and index. 327 $a""FLAVONOIDS: BIOSYNTHESIS, BIOLOGICAL EFFECTS AND DIETARY SOURCES ""; ""FLAVONOIDS: BIOSYNTHESIS, BIOLOGICAL EFFECTS AND DIETARY SOURCES""; ""CONTENTS""; ""PREFACE ""; ""BIOAVAILABILITY AND METABOLISM OF DIETARY FLAVONOIDS a??? MUCH KNOWN a??? MUCH MORE TO DISCOVER ""; ""ABSTRACT""; ""INTRODUCTION ""; ""FLAVONOID ABSORPTION AND METABOLISM IN THE GASTROINTESTINAL TRACT ""; ""The Oral Cavity ""; ""The Stomach ""; ""The Small Intestine ""; ""The Colon and Microflora""; ""DISTRIBUTION OF FLAVONOID METABOLITES ROUND THE BODY ""; ""FLAVONOID BIOAVAILABILITY TO THE CENTRAL NERVOUS SYSTEM "" 327 $a""BIOLOGICAL ACTIVITY OF FLAVONOID METABOLITES """"Quercetin/Flavonols ""; ""Isoflavones ""; ""Catechins ""; ""Other Flavonoids""; ""CONCLUSION ""; ""REFERENCES ""; ""CYTOPROTECTIVE ACTIVITY OF FLAVONOIDS IN RELATION TO THEIR CHEMICAL STRUCTURES AND PHYSICOCHEMICAL PROPERTIES ""; ""ABSTRACT ""; ""INTRODUCTION""; ""CHEMICAL STRUCTURE OF FLAVONOIDS ""; ""PHYSICOCHEMICAL PROPERTIES OF FLAVONOIDS ""; ""The UV Absorption of Flavonoids ""; ""Physical Properties of Flavonoids ""; ""Bond Dissociation Energy (BDE)""; ""Lipophilicity (Log P) ""; ""HEALTH EFFECTS OF FLAVONOIDS "" 327 $a""CYTOPROTECTION ASSAY """"MATERIALS AND METHODS ""; ""Materials ""; ""Assessment of Cell Viability ""; ""Culture and Treatment of HT-29 Cells ""; ""Annexin V Staining and Flow Cytometric Analysis ""; ""Calculation of Results""; ""Cell Death Index (CDI)""; ""Quantum Chemical Calculations ""; ""Calculation of Heat of Formation ""; ""Calculation of Log P ""; ""RESULTS AND DISCUSSION""; ""Cytotoxic Effects of H2O2 ""; ""Cytotoxicity of Flavonoids ""; ""The Influence of Trolox on Cytotoxic Effects of H2O2 ""; ""Structural Related Cytoprotective Activity of Flavonoids "" 327 $a""Effects of Hydroxyl Groups in the B Ring """"Effect of the 3-OH Group, 2,3-Double Bond and 4-Keto Group ""; ""Effect of the Carbohydrate Moieties""; ""Cytoprotective Activities and Physicochemical Properties of Flavonoids ""; ""Correlation between O-H Bond Dissociation Enthalpy (BDE) and Cytoprotective Activity (EC50) of Flavonoids ""; ""Correlation between Partition Coefficient (Log P) and Cytoprotective Activity (EC50) of Flavonoids ""; ""Quantitative Structure-Activity Relationship (QSAR) Model ""; ""CONCLUSION""; ""ACKNOWLEDGMENTS ""; ""REFERENCES "" 327 $a"" OLIGOMERIC NATURE, COLLOIDAL STATE, RHEOLOGY, ANTIOXIDANT CAPACITY AND ANTIVIRAL ACTIVITY OF POLYFLAVONOIDS""""ABSTRACT""; ""INTRODUCTION""; ""THE OLIGOMERIC NATURE OF POLYFLAVONOIDS ""; "" Profisetinindin and Prorobinetinidin Type Polyflavonoids ""; ""Procyanidin and Prodelphinidin Type Polyflavonoids ""; ""Colloidal State of Polyflavonoid Extracts""; ""RHEOLOGY OF INDUSTRIAL POLYFLAVONOIDS ""; ""ANTI-OXYDANT CAPABILITY OF POLYFLAVONOIDS ""; ""ANTIVIRAL ACTIVITY OF POLYFLAVONOIDS ""; ""REFERENCES""; ""GRAPEFRUIT FLAVONOIDS: NARINGIN AND NARINGININ ""; ""ABSTRACT ""; ""INTRODUCTION "" 327 $a""REFERENCES "" 410 0$aNutrition and Diet Research Progress 606 $aFlavonoids 606 $aPlant pigments 608 $aElectronic books. 615 0$aFlavonoids. 615 0$aPlant pigments. 676 $a612/.0154 701 $aKeller$b Raymond B$0926944 801 0$bMiAaPQ 801 1$bMiAaPQ 801 2$bMiAaPQ 906 $aBOOK 912 $a9910465400103321 996 $aFlavonoids$92082489 997 $aUNINA LEADER 01539oam 2200397 450 001 9910583323803321 005 20190911100031.0 010 $a0-12-814644-3 035 $a(OCoLC)1004225351 035 $a(MiFhGG)GVRL7ZJY 035 $a(EXLCZ)994340000000203305 100 $a20180501h20182018 uy 0 101 0 $aeng 135 $aurun|---uuuua 181 $ctxt$2rdacontent 182 $cc$2rdamedia 183 $acr$2rdacarrier 200 10$aPower electronics$hVolume 1$iSwitches and converters /$fJean Pollefliet 210 1$aLondon :$cAcademic Press, an imprint of Elsevier,$d[2018] 210 4$d?2018 215 $a1 online resource (1 volume (various pagings)) $cillustrations (some color) 225 0 $aGale eBooks 300 $aIncludes index. 311 $a0-12-814643-5 327 $apt. 1. Semiconductor switches -- pt. 2. Power converters. 330 $aThis book explains the principles and practices of power electronics, electronic switches and converters with the support of illustration and worked examples, guiding the reader from theory to real-life application. It also covers insights on industrial applications and practical aspects of power electronic devices and power converter systems. 606 $aPower electronics$vTextbooks 615 0$aPower electronics 676 $a629.8043 700 $aPollefliet$b Jean$f1937-$0946985 801 0$bMiFhGG 801 1$bMiFhGG 906 $aBOOK 912 $a9910583323803321 996 $aPower electronics$92139528 997 $aUNINA